All Cruiser Classes of the USN - Statistics

General Stats
  • This quiz has been taken 7 times
  • The average score is 20 of 45
Answer Stats
Year they were first laid down Number of ships in class Answer % Correct
1893 1 Brooklyn
100%
1930 7 New Orleans
100%
1887 1 Baltimore
75%
1941 14 Baltimore
75%
1934 9 Brooklyn
75%
1940 27 Cleveland
75%
1888 1 Maine
75%
1928 6 Northampton
75%
1918 10 Omaha
75%
1930 2 Portland
75%
1935 1 Wichita
75%
1883 1 Atlanta
50%
1940 8 Atlanta
50%
1883 1 Boston
50%
1971 2 California
50%
1887 1 Charleston
50%
1905 3 Chester
50%
1883 1 Chicago
50%
1945 3 Des Moines
50%
1888 1 Newark
50%
1890 1 New York
50%
1944 4 Oregon City
50%
1926 2 Pensacola
50%
1902 3 St. Louis
50%
1903 4 Tennessee
50%
1980 27 Ticonderoga
50%
1972 4 Virginia
50%
1945 2 Worcester
50%
1941 2 Alaska
25%
1890 2 Columbia
25%
1943 2 Fargo
25%
1944 3 Juneau
25%
1959 9 Leahy
25%
1920 2 Lexington
25%
1888 1 Philadelphia
25%
1888 1 San Francisco
25%
1963 1 Truxtun
25%
1887 1 Vesuvius
25%
1959 1 Bainbridge
0%
1962 9 Belknap
0%
1890 2 Cincinnati
0%
1900 6 Denver
0%
1890 3 Montgomery
0%
1891 1 Olympia
0%
1901 6 Pennsylvania
0%
No matching quizzes found
Score Distribution
Percent of People with Each Score
Percentile by Number Answered
Your Score History
You have not taken this quiz